MARC

LEADER 00000nam0a2200000 4500
001 310360
005 20231102002259.0
035 |a (RuTPU)RU\TPU\book\335709 
090 |a 310360 
100 |a 20151124d1981 km y0rusy50 ca 
101 0 |a rus 
102 |a RU 
105 |a a z 001zy 
200 1 |a Распространение радиоволн над земной поверхностью и в ионосфере  |e межвузовский сборник  |f Ленинградский государственный университет (ЛГУ) ; под ред. Э. М. Гюннинена 
210 |a Ленинград  |c Изд-во Ленинградского ун-та  |d 1981 
215 |a 260 с.  |c ил. 
225 1 |a Проблемы дифракции и распространения волн  |v Вып. 19 
320 |a Библиография в конце статей 
606 1 |a Радиоволны  |x Распространение  |x Исследование  |2 stltpush  |3 (RuTPU)RU\TPU\subj\22596  |9 47326 
610 1 |a распространение в ионосфере 
610 1 |a сверхдлинные волны 
610 1 |a волновое поле 
610 1 |a рефракция 
610 1 |a тропосфера 
610 1 |a волноводы 
610 1 |a магнитный дипольный момент 
675 |a 621.371  |v 4 
702 1 |a Гюннинен  |b Э. М.  |4 340 
712 0 2 |a Ленинградский государственный университет (ЛГУ)  |c (1924-1991)  |2 stltpush  |3 (RuTPU)RU\TPU\col\77 
801 1 |a RU  |b 63413507  |c 20151124 
801 2 |a RU  |b 63413507  |c 20180926  |g RCR 
942 |c BK